| 000 | 01140cab a22002655a 4500 | ||
|---|---|---|---|
| 001 | L146441 | ||
| 008 | 090121e20090117xxka f g 000 0 eng d | ||
| 035 | _a(Sirsi) u146441 | ||
| 041 | 0 | _aeng | |
| 100 | 1 | _aGreenish, Damian | |
| 245 | 0 | 0 | _aHere's a few home truths |
| 260 | _c2009 | ||
| 490 |
_aEstates Gazette _v(0903) 17 January 2009, 72-74(2) |
||
| 520 | _aArticle explores the legal definition of what constitutes a 'house' and looks at the four occasions where the matter has been brought before the House of Lords. Discusses their findings and mentions the grey area of law surrounding mixed use buildings that may or may not constitute 'houses'. | ||
| 590 | _aKA | ||
| 650 | 2 | 4 | _aBASS HOLDINGS LTD V GROSVENOR WEST END PROPERTIES |
| 650 | 2 | 4 | _aMALEKSHAD V HOWARD DE WALDEN ESTATES LTD |
| 650 | 2 | 4 | _aPARSONS V VISCOUNT GAGE (TRUSTEES OF HENRY SMITH'S CHARITY) |
| 650 | 2 | 4 | _aPROSPECT ESTATES LTD V GROSVENOR ESTATES LTD |
| 650 | 2 | 4 | _aTANDON V TRUSTEES OF SPURGEONS HOMES |
| 650 | 2 | 4 | _aCOMMONHOLD AND LEASEHOLD REFORM ACT 2002 |
| 650 | 2 | 4 | _aLEASEHOLD REFORM ACT 1967 |
| 651 | 4 |
_aEngland and Wales _y1543- |
|
| 942 | _n0 | ||
| 999 |
_c81154 _d81154 |
||